EDUCATIONAL reform and internationalization: the case of school reform in Kazakhstan/
Saved in:
| Format: | Book |
|---|---|
| Language: | English |
| Published: |
Cambridge University press
2014.
|
| Tags: |
Add Tag
No Tags, Be the first to tag this record!
|
MARC
| LEADER | 00000nam a22000007a 4500 | ||
|---|---|---|---|
| 008 | 210903b ||||| |||| 00| 0 eng d | ||
| 020 | |a 978-1- 107-45288-6 | ||
| 245 | |a EDUCATIONAL reform and internationalization: |b the case of school reform in Kazakhstan/ |c David Bridges |e (The Cambridge education research series) |g xlii, 340p. | ||
| 250 | |c David Bridges | ||
| 260 | |b Cambridge University press |c 2014. |h New York |i 696239 -Arts. |i 696240 |l LC94 .K3Ed8 |m Education and State – Kazakhstan |m Education and globalization – Kazakhstan |m Educational change – Kazakhstan. |m Language and education - Kazakhstan |m Bridges, David | ||
| 500 | |a “It includes index” | ||
| 942 | |a lcc |c BK |e j. o. ifatola |f 03/ 09/ 2021 | ||
| 952 | |0 0 |1 0 |2 lcc |4 0 |6 LC0094 K3 E D8 |7 0 |9 3367 |a ED |b HOL |c LP |d 2021-09-03 |l 0 |o LC94 .K3Ed8 |p 2021-67077 |r 2021-09-03 00:00:00 |w 2021-09-03 |y BK | ||
| 952 | |0 0 |1 0 |2 lcc |4 0 |6 LC0094 K3 E D8 |7 0 |9 3368 |a ED |b HOL |c LP |d 2021-09-03 |l 0 |o LC94 .K3Ed8 |p 2021-67078 |r 2021-09-03 00:00:00 |w 2021-09-03 |y BK | ||
| 999 | |c 1676 |d 1676 | ||